000 00911cab a2200301 4500
001 ABS52063
008 090401t1995 xxu||||| |||| 00| 0 eng d
035 _a(Sirsi) u57678
041 _aeng
100 _aParker, D.
245 _aIoning out problems
260 _c1995
350 _a0
490 _aNew Civil Engineer
_v19 January 1995, 16-19(4)
520 _aDiscusses the advantages of electrochemical treatment of chloride-saturated concrete and how this has been used in a car park in Kendal.
650 _aCALCIUM CHLORIDE
650 _aALKALI SILICA REACTION
650 _aCONCRETE CARBONATION
650 _aCORROSION
650 _aELECTOCHEMICAL TREATMENT
650 _aLARGE PANEL SYSTEMS
650 _aLPS BLOCKS
650 _aREINFORCED CONCRETE
690 _aBUILDING AND CONSTRUCTION-REPAIRS AND MAINTENANCE
700 _aHayward, D.
942 _n0
948 _c04/03/1997
999 _c35194
_d35194